Analýza návštevnosti internetovej stránky s využitím vybraných štatistických metód bakalárska práca

Salvato in:
Dettagli Bibliografici
Autore principale: Jarošová, Daniela
Ente Autore: Fakulta hospodárskej informatiky EU. Katedra štatistiky
Altri autori: Dúžik, Ondrej, 1989-
Natura: Libro
Lingua:slovacco
Pubblicazione: Bratislava 2018
Tags: Aggiungi Tag
Nessun Tag, puoi essere il primo ad aggiungerne!!

MARC

LEADER 00000nbm a2200000 4500
001 0245289
005 20181010083531.8
041 0 |a slo 
044 |a SK 
245 1 0 |a Analýza návštevnosti internetovej stránky s využitím vybraných štatistických metód  |b bakalárska práca  |c Daniela Jarošová ; školiteľ: Ondrej Dúžik 
264 1 |a Bratislava  |c 2018 
300 |a 47 s. 
100 1 |a Jarošová, Daniela 
700 1 |a Dúžik, Ondrej, 1989- 
710 2 |a Fakulta hospodárskej informatiky EU. Katedra štatistiky